000 01139nam a22002777a 4500
005 20101206113148.0
008 101206t xxu||||| |||| 00| 0 hin d
010 _aHIN-93211
020 _c200.00
_a9788188457793
035 _aHN-65557
037 _bDBAD/PUB
040 _aDPL
_bHN
082 _a305.4
100 _924598
_aदुआ,अंजु जैमिनी
245 _aहक गढ़ती औरत /
_cअंजु दुआ जैमिनी
246 _aHaq Gadhti Aurat
_bby Anjy\u DuaJemini
260 _aनई दिल्ली
_bसामयिक बुक्स
_c2011
270 _bनई दिल्ली
_a3320-21, जटवाड़ा, दरियागंज,एन.एस.मार्ग
_e110002
300 _a128पृ.
_c22सेमी (सजिल्द)
650 _91169
650 _929580
700 _924599
700 _924924
942 _2ddc
_cHN
_mदुआअं
_h305.4
999 _c53912
_d53912